000 01203naa a22002897a 4500
001 BR8803461
003 BR-BrBNA
005 20240918180151.0
007 ta
008 230509b bl.||||| |||| 00| 0 por d
040 _aBR-BrBNA
_bpor
_cBiblioteca Nacional de Agricultura
041 _a(Pt)
072 _aJ12
090 _aJ12 BR8803461
100 1 _aMoreira, M.F.
111 1 _aSimposio sobre Exploracao, Transporte, Ergonomia e Seguranca em Reflorestamento
_cCuritiba, PR (Brazil)
_d5-10 Apr 1987
245 1 _aA utilizacao do transporte pesado em curtas distancias
246 1 _a[The use of heavy transports in short distancies]
246 1 _a[Meeting on harvesting, transport, ergonomics and safety in plantation forestry]
260 3 _aCuritiba, PR (Brasil):
_c1987.
500 _aSimposio sobre exploracao, transporte, ergonomia e seguranca e reflorestamento Curitiba, PR (Brasil): 1987. p. 218-238 (BR8803461-AM)J12
650 _aMADEIRA
650 _aTRANSPORTE
773 0 _tSimposio sobre exploracao, transporte, ergonomia e seguranca e reflorestamento
_wJ12 BR8803461
_gCuritiba, PR (Brasil), 1987. p. 218-238
909 _a202404
_bLucia
_c55
_dLucia Elande
942 _cAM
_2AGRIS
999 _c319353
_d319353